Music Quiz

Random Music or Bands Quiz

Beatles Songs by Album Blitz Quiz Stats

 Plays Quiz Updated Sep 6, 2019

Score 0/195 Timer 01:30
134 Plays Today
Album Song % Correct
Past Masters, Volume One
100%
Past Masters, Volume Two
99.8%
Help!Help!
93.2%
Help!The Night Before
93.2%
Help!You've Got to Hide Your Love Away
93.2%
Help!I Need You
93.2%
Help!Another Girl
93.2%
Help!You're Going to Lose That Girl
93.2%
Help!Ticket to Ride
93.2%
Help!Act Naturally
93.2%
Help!It's Only Love
93.2%
Help!You Like Me Too Much
93.2%
Help!Tell Me What You See
93.2%
Help!I've Just Seen a Face
93.2%
Help!Yesterday
93.2%
Help!Dizzy Miss Lizzy
93.2%
RevolverEleanor Rigby
87.2%
RevolverTaxman
87.2%
RevolverI'm Only Sleeping
87.2%
RevolverLove You To
87.2%
RevolverHere, There and Everywhere
87.2%
RevolverYellow Submarine
87.2%
RevolverShe Said She Said
87.2%
RevolverGood Day Sunshine
87.2%
RevolverAnd Your Bird Can Sing
87.2%
RevolverFor No One
87.2%
RevolverDoctor Robert
87.2%
RevolverI Want to Tell You
87.2%
RevolverGot to Get You Into My Life
87.2%
RevolverTomorrow Never Knows
87.2%
Please Please MeI Saw Her Standing There
85.5%
Please Please MeMisery
85.5%
Please Please MeAnna (Go to Him)
85.5%
Please Please MeChains
85.5%
Please Please MeBoys
85.5%
Please Please MeAsk Me Why
85.5%
Please Please MePlease Please Me
85.5%
Please Please MeLove Me Do
85.5%
Please Please MeP.S. I Love You
85.5%
Please Please MeBaby It's You
85.5%
Please Please MeDo You Want to Know a Secret
85.5%
Please Please MeA Taste of Honey
85.5%
Please Please MeThere's a Place
85.5%
Please Please MeTwist and Shout
85.5%
A Hard Day's NightA Hard Day's Night
82.9%
A Hard Day's NightI Should Have Known Better
82.9%
A Hard Day's NightIf I Fell
82.9%
A Hard Day's NightI'm Happy Just to Dance With You
82.9%
A Hard Day's NightAnd I Love Her
82.9%
A Hard Day's NightTell Me Why
82.9%
A Hard Day's NightCan't Buy Me Love
82.9%
A Hard Day's NightAny Time at All
82.9%
A Hard Day's NightI'll Cry Instead
82.9%
A Hard Day's NightThings We Said Today
82.9%
A Hard Day's NightWhen I Get Home
82.9%
A Hard Day's NightYou Can't Do That
82.9%
A Hard Day's NightI'll Be Back
82.9%
Yellow SubmarineYellow Submarine
79.8%
Yellow SubmarineOnly a Northern Song
79.8%
Yellow SubmarineAll Together Now
79.8%
Yellow SubmarineHey Bulldog
79.8%
Yellow SubmarineIt's All Too Much
79.8%
Yellow SubmarineAll You Need Is Love
79.8%
Yellow SubmarinePepperland
77.7%
Yellow SubmarineSea of Time
77.7%
Album Song % Correct
Yellow SubmarineYellow Submarine in Pepperland
77.7%
Yellow SubmarineSea of Holes
77.7%
Yellow SubmarinePepperland Laid Waste
77.7%
Yellow SubmarineSea of Monsters
77.7%
Yellow SubmarineMarch of the Meanies
77.7%
Sgt. Pepper's Lonely Hearts Club BandWith a Little Help from My Friends
76.7%
Sgt. Pepper's Lonely Hearts Club BandSgt. Pepper's Lonely Hearts Club Band
76.7%
Sgt. Pepper's Lonely Hearts Club BandLucy in the Sky with Diamonds
76.7%
Sgt. Pepper's Lonely Hearts Club BandGetting Better
76.7%
Sgt. Pepper's Lonely Hearts Club BandFixing a Hole
76.7%
Sgt. Pepper's Lonely Hearts Club BandShe's Leaving Home
76.7%
Sgt. Pepper's Lonely Hearts Club BandBeing for the Benefit of Mr. Kite!
76.7%
Sgt. Pepper's Lonely Hearts Club BandWithin You Without You
76.7%
Sgt. Pepper's Lonely Hearts Club BandWhen I'm Sixty-Four
76.7%
Sgt. Pepper's Lonely Hearts Club BandLovely Rita
76.7%
Sgt. Pepper's Lonely Hearts Club BandGood Morning Good Morning
76.7%
Sgt. Pepper's Lonely Hearts Club BandSgt. Pepper's Lonely Hearts Club Band (Reprise)
76.7%
Sgt. Pepper's Lonely Hearts Club BandA Day in the Life
76.7%
Let It BeTwo of Us
73.7%
Let It BeDig a Pony
73.7%
Let It BeAcross the Universe
73.7%
Let It BeI Me Mine
73.7%
Let It BeDig It
73.7%
Let It BeLet It Be
73.7%
Let It BeMaggie Mae
73.7%
Let It BeI've Got a Feeling
73.7%
Let It BeOne After 909
73.7%
Let It BeThe Long and Winding Road
73.7%
Let It BeFor You Blue
73.7%
Let It BeGet Back
73.7%
Magical Mystery TourMagical Mystery Tour
73.6%
Magical Mystery TourThe Fool on the Hill
73.6%
Magical Mystery TourFlying
73.6%
Magical Mystery TourBlue Jay Way
73.6%
Magical Mystery TourYour Mother Should Know
73.6%
Magical Mystery TourI Am the Walrus
73.6%
Magical Mystery TourHello, Goodbye
73.6%
Magical Mystery TourStrawberry Fields Forever
73.6%
Magical Mystery TourPenny Lane
73.6%
Magical Mystery TourBaby, You're a Rich Man
73.6%
Magical Mystery TourAll You Need Is Love
73.6%
The Beatles (The White Album)Back in the U.S.S.R.
68.1%
The Beatles (The White Album)Dear Prudence
68.1%
The Beatles (The White Album)Glass Onion
68.1%
The Beatles (The White Album)Ob-La-Di, Ob-La-Da
68.1%
The Beatles (The White Album)Wild Honey Pie
68.1%
The Beatles (The White Album)The Continuing Story of Bungalow Bill
68.1%
The Beatles (The White Album)While My Guitar Gently Weeps
68.1%
The Beatles (The White Album)Happiness is a Warm Gun
68.1%
The Beatles (The White Album)Martha My Dear
68.1%
The Beatles (The White Album)I'm So Tired
68.1%
The Beatles (The White Album)Blackbird
68.1%
The Beatles (The White Album)Piggies
68.1%
The Beatles (The White Album)Rocky Raccoon
68.1%
The Beatles (The White Album)Don't Pass Me By
68.1%
The Beatles (The White Album)Why Don't We Do it in the Road
68.1%
The Beatles (The White Album) cont.I Will
68.1%
The Beatles (The White Album) cont.Julia
68.1%
The Beatles (The White Album) cont.Birthday
65.5%
The Beatles (The White Album) cont.Yer Blues
65.5%
The Beatles (The White Album) cont.Mother Nature's Son
65.5%
The Beatles (The White Album) cont.Everybody's Got Something to Hide Except Me and My Monkey
65.5%
The Beatles (The White Album) cont.Sexy Sadie
65.5%
The Beatles (The White Album) cont.Long, Long, Long
65.5%
The Beatles (The White Album) cont.Revolution 1
65.5%
Album Song % Correct
The Beatles (The White Album) cont.Honey Pie
65.5%
The Beatles (The White Album) cont.Cry Baby Cry
65.5%
The Beatles (The White Album) cont.Revolution 9
65.5%
The Beatles (The White Album) cont.Helter Skelter
65.5%
The Beatles (The White Album) cont.Savoy Truffle
65.5%
The Beatles (The White Album) cont.Good Night
65.5%
Rubber SoulDrive My Car
60.6%
Rubber SoulNorwegian Wood (This Bird Has Flown)
60.6%
Rubber SoulYou Won't See Me
60.6%
Rubber SoulNowhere Man
60.6%
Rubber SoulThink for Yourself
60.6%
Rubber SoulThe Word
60.6%
Rubber SoulMichelle
60.6%
Rubber SoulWhat Goes On
60.6%
Rubber SoulGirl
60.6%
Rubber SoulI'm Looking Through You
60.6%
Rubber SoulIn My Life
60.6%
Rubber SoulWait
60.6%
Rubber SoulIf I Needed Someone
60.6%
Rubber SoulRun for Your Life
60.6%
Abbey RoadCome Together
55%
Abbey RoadSomething
55%
Abbey RoadMaxwell's Silver Hammer
55%
Abbey RoadOh! Darling
55%
Abbey RoadOctopus's Garden
55%
Abbey RoadI Want You (She's So Heavy)
55%
Abbey RoadHere Comes the Sun
55%
Abbey RoadBecause
55%
Abbey RoadYou Never Give Me Your Money
55%
Abbey RoadSun King
55%
Abbey RoadMean Mr. Mustard
55%
Abbey RoadPolythene Pam
55%
Abbey RoadShe Came In Through the Bathroom Window
55%
Abbey RoadGolden Slumbers
55%
Abbey RoadCarry That Weight
55%
Abbey RoadThe End
55%
Abbey RoadHer Majesty
55%
Beatles for SaleNo Reply
34.1%
Beatles for SaleI'm a Loser
34.1%
Beatles for SaleBaby's in Black
34.1%
Beatles for SaleRock and Roll Music
34.1%
Beatles for SaleI'll Follow the Sun
34.1%
Beatles for SaleMr. Moonlight
34.1%
Beatles for SaleKansas City / Hey, Hey, Hey, Hey
34.1%
Beatles for SaleEight Days a Week
34.1%
Beatles for SaleWords of Love
34.1%
Beatles for SaleHoney Don't
34.1%
Beatles for SaleEvery Little Thing
34.1%
Beatles for SaleI Don't Want to Spoil the Party
34.1%
Beatles for SaleWhat You're Doing
34.1%
Beatles for SaleEverybody's Trying to Be My Baby
34.1%
With the BeatlesIt Won't Be Long
27%
With the BeatlesAll I've Got to Do
27%
With the BeatlesAll My Loving
27%
With the BeatlesDon't Bother Me
27%
With the BeatlesLittle Child
27%
With the BeatlesTill There Was You
27%
With the BeatlesPlease Mister Postman
27%
With the BeatlesRoll Over Beethoven
27%
With the BeatlesHold Me Tight
27%
With the BeatlesYou Really Got a Hold on Me
27%
With the BeatlesI Wanna Be Your Man
27%
With the BeatlesDevil in Her Heart
27%
With the BeatlesNot a Second Time
27%
With the BeatlesMoney (That's What I Want)
27%

You're not logged in!

Compare scores with friends on all Sporcle quizzes.
OR
Log In

Sporcle TV

Today on Sporcle TV


Watch our educational content, quiz creation guides, and fun videos on Sporcle TV.

Show Comments

Extras

Top Quizzes Today


Score Distribution

Your Account Isn't Verified!

In order to create a playlist on Sporcle, you need to verify the email address you used during registration. Go to your Sporcle Settings to finish the process.

Report this User

Report this user for behavior that violates our Community Guidelines.

Details: